• 首页
  • 本馆介绍
  • 公告通知
  • 最新文献
  • 馆藏检索
  • 电子资源
  • 读者导购
  • 参考咨询
  • 我的图书馆
  • 登录
  • 详细信息显示
  • 放入我的书架
  • 预约/预借图书
  • 作者相关作品
  • 分类相关作品
  • 丛书相关作品
  • 出版社相关作品

书目信息

  • 表格格式
  • 工作单格式
  • 卡片格式
题名:
IPTV集成播控平台技术与应用
    
 
作者: 程勇 主编 ;UT斯达康(中国)有限公司 编著
分册:  
出版信息: 北京   电子工业出版社  2021.3
页数: 10,217页
开本: 26cm
丛书名:
单 册:
中图分类: TN949.292
科图分类:
主题词: 网络电视--监控系统 , 网络电视 , 监控系统
电子资源:
ISBN: 978-7-121-22507-9
000 01537nam0 2200289 45
001 012001001176
005 20140913093534.0
010    @a978-7-121-22507-9@dCNY49.00
100    @a20140429d2014 em y0chiy50 ea
101 0  @achi
102    @aCN@b110000
105    @aa z 000yy
106    @ar
200 1  @aIPTV集成播控平台技术与应用@b专著@fUT斯达康(中国)有限公司编著@gUT斯达康(中国)有限公司编著@AIPTV ji cheng bo kong ping tai ji shu yu ying yong
210    @a北京@c电子工业出版社@d2021.3
215    @a10,217页@c图@d26cm
300    @a通信网络精品图书
304    @a程勇主编
330    @a本书内容从技术到应用,从理论到实践,循序渐进,深入浅出,力求使读者对IPTV集成播控平台的概念、原理、技术及实现有一个全面的了解。全书共9章,第1章首先介绍新媒体、三网融合、集成播控平台的概念,然后简明扼要地介绍UT斯达康(中国)有限公司的奔流融合播控平台产品;第2章详述新媒体的技术基础——流媒体编解码技术、流媒体传输技术和DRM(数字版权管理)技术;第3 6章对IPTV集成播控平台的工作原理、IPV业务运营系统、业务流程、EPG定制等内容进行翔实的介绍;第7 8章从理论到实践,介绍IPTV集成播控平台的系统规划和系统维护的方法;第9章介绍几个典型的应用案例,方便读者从需求分析、系统设计和系统部署方面进一步了解IPTV集成播控平台产品。
606 0  @a网络电视@x监控系统
606 0  @a网络电视
606 0  @a监控系统
690    @aTN949.292@v5
701  0 @a程勇@Acheng yong@c(通信网络)@4主编
712 02 @aUT斯达康(中国)有限公司@AUT si da kang ( zhong guo ) you xian gong si@4编著
801  0 @aCN@bBJSDL@c20211011
905    @b1333338-41@dTN949.292@e292@f4
    
    IPTV集成播控平台技术与应用/UT斯达康(中国)有限公司编著/UT斯达康(中国)有限公司编著.-北京:电子工业出版社,2021.3
    10,217页:图;26cm
    通信网络精品图书
    
    ISBN 978-7-121-22507-9:CNY49.00
    本书内容从技术到应用,从理论到实践,循序渐进,深入浅出,力求使读者对IPTV集成播控平台的概念、原理、技术及实现有一个全面的了解。全书共9章,第1章首先介绍新媒体、三网融合、集成播控平台的概念,然后简明扼要地介绍UT斯达康(中国)有限公司的奔流融合播控平台产品;第2章详述新媒体的技术基础——流媒体编解码技术、流媒体传输技术和DRM(数字版权管理)技术;第3 6章对IPTV集成播控平台的工作原理、IPV业务运营系统、业务流程、EPG定制等内容进行翔实的介绍;第7 8章从理论到实践,介绍IPTV集成播控平台的系统规划和系统维护的方法;第9章介绍几个典型的应用案例,方便读者从需求分析、系统设计和系统部署方面进一步了解IPTV集成播控平台产品。
●
相关链接 在E读中查询图书 在五车中查询图书 在当当中查询图书 在豆瓣中查询图书


正题名:IPTV集成播控平台技术与应用     索取号:TN949.292/292         预约/预借

序号 登录号 条形码 馆藏地/架位号 状态 备注
1 1333338   213333383   第二样本阅览室/ [索取号:TN949.292/292] 在馆    
2 1333339   213333392   第三借阅区/ [索取号:TN949.292/292] 在馆    
3 1333340   213333409   第三借阅区/ [索取号:TN949.292/292] 在馆    
4 1333341   213333418   第三借阅区/ [索取号:TN949.292/292] 在馆    
唐山师范学院图书馆 欢迎您!
大连网信软件有限公司© 版权所有